000 00465nam a22001577a 4500
008 230605b xxu||||| |||| 00| 0 eng d
041 _hde
082 _a327
_bINT
110 _d2010
245 _aInternationale Politik und Gesellschaft
_bInternational Politics and Society
_cInternationale Politik und Gesellschaft
260 _aGermany
_bVelag J.H.W Dietz Nachfolger GmbH
_c2010
300 _a145 p
440 _v1
_x09452419
546 _aGermany
942 _2ddc
_cBK
999 _c285
_d285